[Event "HUN Youth Ch U 8 Boys Final"]
[Site "?"]
[Date "2013.06.22"]
[Round "2.3"]
[White "Borhy, Marcell"]
[Black "Jaro, Benjamin"]
[Result "1-0"]
[WhiteElo "1461"]
[BlackElo "1507"]
[PlyCount "59"]
[EventDate "2013.??.??"]

1. d4 d6 2. c4 e5 3. Nc3 exd4 4. Qxd4 Nc6 5. Qd1 g6 6. Nf3 Bg7 7. g3 Nge7 8.
Bg2 O-O 9. O-O Ne5 10. Nxe5 Bxe5 11. Bh6 Re8 12. Rc1 Nf5 13. Bd2 Rb8 14. b3 b6
15. Nd5 Bb7 16. Bc3 Bxc3 17. Rxc3 Ne7 18. Nf6+ Kh8 19. Bxb7 Rxb7 20. Nxe8 Qxe8
21. Re3 Qd7 22. Qd4+ Kg8 23. Qe4 c6 24. Rd1 Kf8 25. Qd4 Kg8 26. Qxd6 Qxd6 27.
Rxd6 Kg7 28. Red3 Nf5 29. Rd7 Rb8 30. Rd8 1-0

[Event "HUN Youth Ch U 8 Boys Final"]
[Site "?"]
[Date "2013.06.23"]
[Round "3.3"]
[White "Jaro, Benjamin"]
[Black "Bangha, Otto Peter"]
[Result "1-0"]
[WhiteElo "1507"]
[BlackElo "1274"]
[PlyCount "35"]
[EventDate "2013.??.??"]

1. e4 e5 2. Nf3 Nc6 3. d4 exd4 4. Nxd4 Nf6 5. Nxc6 bxc6 6. e5 Nd5 7. c4 Nb6 8.
Bd3 d6 9. exd6 cxd6 10. O-O Be7 11. Qh5 Be6 12. b3 Bf6 13. Re1 Bxa1 14. Rxe6+
Kf8 15. Bg5 Bf6 16. Bxf6 gxf6 17. Qh6+ Kg8 18. Re3 1-0

[Event "HUN Youth Ch U 8 Boys Final"]
[Site "?"]
[Date "2013.06.23"]
[Round "3.4"]
[White "Lendvai, Oliver"]
[Black "Borhy, Marcell"]
[Result "0-1"]
[WhiteElo "1230"]
[BlackElo "1461"]
[PlyCount "110"]
[EventDate "2013.??.??"]

1. e4 c5 2. Nf3 d6 3. Bb5+ Bd7 4. Bxd7+ Qxd7 5. c4 Nc6 6. d4 cxd4 7. Nxd4 Nf6
8. Nc3 g6 9. O-O Bg7 10. Nc2 O-O 11. Ne3 Rac8 12. Rb1 Rfd8 13. b3 b6 14. Bb2
Qb7 15. Kh1 Ne5 16. f3 a6 17. a4 Ned7 18. Ba1 Nc5 19. Ncd5 Nxd5 20. Nxd5 Bxa1
21. Rxa1 e6 22. Ne3 a5 23. Rb1 Na6 24. Qe2 Re8 25. Qf2 Nc5 26. Qd2 Qe7 27. Nd1
Rcd8 28. Qc3 d5 29. exd5 exd5 30. cxd5 Rxd5 31. Nf2 Qe5 32. Qxe5 Rdxe5 33. Ng4
R5e6 34. Nf2 h5 35. Nd1 Re1 36. Nc3 Rxf1+ 37. Rxf1 Nxb3 38. Ne4 Re6 39. h3 Nc5
40. Nxc5 bxc5 41. Rc1 Rc6 42. Kh2 Kf8 43. Kg3 Ke7 44. Kf4 f6 45. g4 hxg4 46.
hxg4 Ke6 47. Ke4 f5+ 48. gxf5+ gxf5+ 49. Kf4 c4 50. Ke3 Kd5 51. f4 c3 52. Kd3
c2 53. Ke3 Rc4 54. Kf3 Kd4 55. Ke2 Kc3 0-1

[Event "HUN Youth Ch U 8 Boys Final"]
[Site "?"]
[Date "2013.06.24"]
[Round "4.3"]
[White "Bangha, Otto Peter"]
[Black "Lendvai, Oliver"]
[Result "1/2-1/2"]
[WhiteElo "1274"]
[BlackElo "1230"]
[PlyCount "72"]
[EventDate "2013.??.??"]

1. e4 c5 2. Nf3 g6 3. d4 cxd4 4. Nxd4 Nc6 5. Be3 Bg7 6. Nc3 Nf6 7. Bc4 Qa5 8.
O-O O-O 9. f3 d6 10. Qd2 Rd8 11. Nb3 Qc7 12. Bh6 Bh8 13. Rfe1 Bd7 14. Re2 Rac8
15. Rae1 Be8 16. Qe3 Na5 17. Nxa5 Qxa5 18. Bd5 Rb8 19. Bg5 a6 20. a3 b5 21. b4
Qc7 22. Bb3 Rdc8 23. Bxf6 Bxf6 24. Nd5 Qd8 25. Nxf6+ exf6 26. f4 Qb6 27. Qxb6
Rxb6 28. e5 dxe5 29. fxe5 fxe5 30. Rxe5 Kf8 31. Rf1 Rb7 32. Kf2 Kg7 33. Kg3
Rcb8 34. Rfe1 Bc6 35. h4 Rc7 36. h5 f6 1/2-1/2

[Event "HUN Youth Ch U 8 Boys Final"]
[Site "?"]
[Date "2013.06.27"]
[Round "7.5"]
[White "Borhy, Marcell"]
[Black "Bangha, Otto Peter"]
[Result "1-0"]
[WhiteElo "1461"]
[BlackElo "1274"]
[PlyCount "47"]
[EventDate "2013.??.??"]

1. d4 d5 2. c4 e6 3. Nf3 Nf6 4. g3 c5 5. cxd5 exd5 6. Bg2 Nc6 7. O-O Be7 8. Nc3
Be6 9. Bf4 O-O 10. Ng5 cxd4 11. Nb5 Qd7 12. Nxd4 Nxd4 13. Qxd4 h6 14. Nf3 Rac8
15. Rac1 Rxc1 16. Rxc1 Rc8 17. Rxc8+ Qxc8 18. Qxa7 Nd7 19. Qd4 Bf6 20. Qd2 g5
21. Be3 Bg7 22. h4 g4 23. Nd4 Bxd4 24. Bxd4 1-0

[Event "HUN Youth Ch U 8 Boys Final"]
[Site "?"]
[Date "2013.06.28"]
[Round "8.5"]
[White "Jaro, Benjamin"]
[Black "Lendvai, Oliver"]
[Result "0-1"]
[WhiteElo "1507"]
[BlackElo "1230"]
[PlyCount "102"]
[EventDate "2013.??.??"]

1. e4 c5 2. Nf3 Nc6 3. Bb5 g6 4. Nc3 Bg7 5. O-O a6 6. Bxc6 bxc6 7. Re1 d6 8. d3
Nf6 9. e5 dxe5 10. Nxe5 Bb7 11. Na4 Nd7 12. Nxd7 Qxd7 13. Nb6 Qc7 14. Nxa8 Bxa8
15. Bg5 e6 16. Qc1 Qb7 17. Rb1 O-O 18. Bh6 Rb8 19. Qe3 Qb6 20. Qg3 Bxh6 21. Qh4
Bg7 22. Qe7 Bf8 23. Qh4 Qc7 24. Re3 Qe7 25. Re4 Qxh4 26. Rxh4 Bg7 27. b4 a5 28.
a3 Bc3 29. Rc4 cxb4 30. axb4 Bxb4 31. c3 Bd6 32. Rxb8+ Bxb8 33. Rd4 Bc7 34. Kf1
Kf8 35. Ke2 Ke7 36. Kd2 c5 37. Rh4 h5 38. g3 f5 39. Ra4 Bc6 40. Ra3 g5 41. Ke3
f4+ 42. gxf4 Bxf4+ 43. Ke2 a4 44. Ra1 Bxh2 45. f3 Be5 46. Ra3 h4 47. Kf2 Kf6
48. Ra1 Bxc3 49. Rb1 a3 50. Rb8 a2 51. Rf8+ Kg7 0-1

[Event "HUN Youth Ch U10 Boys Final"]
[Site "?"]
[Date "2013.06.21"]
[Round "1.1"]
[White "Kovacsy, Barnabas"]
[Black "Palczert, Botond"]
[Result "1-0"]
[WhiteElo "1518"]
[BlackElo "1312"]
[PlyCount "75"]
[EventDate "2013.??.??"]

1. e4 c5 2. Nf3 Nc6 3. d4 cxd4 4. Nxd4 g6 5. c4 Bg7 6. Be3 Nf6 7. Nc3 d6 8. Be2
O-O 9. O-O Bd7 10. Qd2 Nxd4 11. Bxd4 Bc6 12. f3 Nd7 13. Bf2 Nc5 14. b4 Ne6 15.
b5 Bd7 16. Rad1 Rc8 17. Nd5 b6 18. Bh4 Re8 19. Bxe7 Rxe7 20. Nxe7+ Qxe7 21.
Qxd6 Qxd6 22. Rxd6 Nc5 23. Rfd1 Rc7 24. a4 h5 25. a5 bxa5 26. f4 Be6 27. e5 Ne4
28. Rd8+ Kh7 29. Ra1 Bxc4 30. Rc1 Bh6 31. Rxc4 Rxc4 32. Bxc4 Bxf4 33. Bxf7 Kg7
34. Rd7 Nc3 35. Bc4+ Kh6 36. e6 Ne4 37. e7 Be3+ 38. Kf1 1-0

[Event "HUN Youth Ch U10 Boys Final"]
[Site "?"]
[Date "2013.06.21"]
[Round "1.2"]
[White "Diller, Denis"]
[Black "Vagner, Gergo"]
[Result "1-0"]
[WhiteElo "1612"]
[BlackElo "1578"]
[PlyCount "137"]
[EventDate "2013.??.??"]

1. d4 d5 2. c4 e6 3. Nf3 Nf6 4. Nc3 Nbd7 5. Bg5 Be7 6. e3 O-O 7. Be2 c6 8. O-O
Qc7 9. Rc1 a6 10. Bf4 Bd6 11. Bxd6 Qxd6 12. Bd3 dxc4 13. Bxc4 Nb6 14. Bb3 Nbd5
15. Re1 Nxc3 16. bxc3 b5 17. e4 Qe7 18. Qe2 Bb7 19. Bc2 g6 20. Qe3 Rfc8 21. Qh6
Qf8 22. Qh4 Kg7 23. e5 Nd5 24. Ng5 h6 25. Ne4 Rc7 26. Bb3 Qe7 27. Qxe7 Rxe7 28.
Bxd5 cxd5 29. Nc5 Rc8 30. a4 bxa4 31. Rb1 Rcc7 32. Rb6 g5 33. Ra1 Kg6 34. Rxa4
Kf5 35. Rab4 Bc8 36. Kf1 g4 37. Ke2 Rxc5 38. dxc5 Kxe5 39. c6 Kd6 40. Rb7 Re8
41. Rxf7 Kxc6 42. Rxg4 e5 43. Rg6+ Kc5 44. Rc7+ Kb5 45. Rgc6 Be6 46. Rc5+ Kb6
47. R7c6+ Kb7 48. Rd6 h5 49. Rcc6 Bc8 50. Rxa6 e4 51. Ra5 Bg4+ 52. Ke3 Be6 53.
Rxe6 d4+ 54. cxd4 Rxe6 55. Rxh5 Rg6 56. Kxe4 Rxg2 57. f4 Re2+ 58. Kf5 Rd2 59.
Ke5 Re2+ 60. Kd5 Rf2 61. f5 Kc7 62. Ke6 Re2+ 63. Kf7 Rd2 64. f6 Rxd4 65. Kg6
Rg4+ 66. Rg5 Rf4 67. f7 Kd7 68. Kg7 Ke7 69. Re5+ 1-0

[Event "HUN Youth Ch U10 Boys Final"]
[Site "?"]
[Date "2013.06.21"]
[Round "1.4"]
[White "Pribelszky, Bence"]
[Black "Karacsonyi, Gellert"]
[Result "1-0"]
[WhiteElo "1734"]
[BlackElo "1687"]
[PlyCount "71"]
[EventDate "2013.??.??"]

1. e4 e6 2. d4 d5 3. Nc3 Bb4 4. e5 c5 5. a3 Bxc3+ 6. bxc3 Ne7 7. Qg4 cxd4 8.
Qxg7 Rg8 9. Qxh7 Qc7 10. Ne2 Nbc6 11. f4 Bd7 12. Qd3 dxc3 13. Nxc3 a6 14. Rg1
Rc8 15. Bd2 Na5 16. g4 Nc4 17. Rg2 Ng6 18. Rf2 Qc5 19. Nd1 Bb5 20. Bb4 Qb6 21.
Qg3 a5 22. Bxc4 Rxc4 23. Bc3 Re4+ 24. Kd2 Ne7 25. Qf3 a4 26. Rb1 Qc6 27. Bb4
Rd4+ 28. Kc1 Ng6 29. Qe3 Re4 30. Qa7 Rg7 31. Qb8+ Kd7 32. Ba5 Qc8 33. Qd6+ Ke8
34. Rxb5 Rc4 35. Rxb7 Nxf4 36. Qe7# 1-0

[Event "HUN Youth Ch U10 Boys Final"]
[Site "?"]
[Date "2013.06.22"]
[Round "2.1"]
[White "Palczert, Botond"]
[Black "Krstulovic, Alex"]
[Result "0-1"]
[WhiteElo "1312"]
[BlackElo "1983"]
[PlyCount "54"]
[EventDate "2013.??.??"]

1. e4 c5 2. Nf3 d6 3. d4 cxd4 4. Nxd4 Nf6 5. Nc3 a6 6. Bc4 e6 7. Bb3 b5 8. Be3
Bb7 9. f3 Nbd7 10. a4 b4 11. Nce2 Nc5 12. O-O Be7 13. a5 Qc7 14. Qd2 d5 15.
exd5 Nxb3 16. Nxb3 Nxd5 17. Bf2 Rd8 18. Qc1 O-O 19. Kh1 Rd7 20. Ned4 Bd6 21. h3
Bf4 22. Qe1 e5 23. g3 exd4 24. gxf4 Qxc2 25. Nxd4 Qxb2 26. Rb1 Qc3 27. Qd1 Nxf4
0-1

[Event "HUN Youth Ch U10 Boys Final"]
[Site "?"]
[Date "2013.06.22"]
[Round "2.2"]
[White "Karacsonyi, Gellert"]
[Black "Hegedus, Dominik"]
[Result "1-0"]
[WhiteElo "1687"]
[BlackElo "1608"]
[PlyCount "47"]
[EventDate "2013.??.??"]

1. e4 c5 2. Nf3 Nc6 3. d4 cxd4 4. Nxd4 Qb6 5. Nxc6 dxc6 6. Nc3 e6 7. Bc4 Bc5 8.
O-O Qc7 9. Qg4 g6 10. Qg5 Be7 11. Qe3 Bf6 12. f4 Bg7 13. Bd2 a6 14. f5 Nf6 15.
h3 b5 16. Bb3 c5 17. e5 Nd7 18. fxe6 fxe6 19. Qf3 Bxe5 20. Qf7+ Kd8 21. Bg5+
Nf6 22. Bxf6+ Bxf6 23. Qxf6+ Kd7 24. Bxe6+ 1-0

[Event "HUN Youth Ch U10 Boys Final"]
[Site "?"]
[Date "2013.06.22"]
[Round "2.4"]
[White "Vagner, Gergo"]
[Black "Gaspar, Lehel"]
[Result "1/2-1/2"]
[WhiteElo "1578"]
[BlackElo "1422"]
[PlyCount "49"]
[EventDate "2013.??.??"]

1. d4 Nf6 2. c4 e6 3. Nc3 Bb4 4. Nf3 b6 5. Bd2 Bb7 6. e3 Bxc3 7. Bxc3 Ne4 8.
Bd3 Ng5 9. Be2 O-O 10. Nxg5 Qxg5 11. Bf3 Bxf3 12. Qxf3 d5 13. O-O Nd7 14. cxd5
Qxd5 15. Qxd5 exd5 16. b4 Rfe8 17. Rac1 Nf6 18. Bb2 Rac8 19. Rfe1 Ne4 20. Rc2
Nd6 21. a4 Nc4 22. Bc1 a5 23. b5 Re7 24. e4 Rce8 25. e5 1/2-1/2

[Event "HUN Youth Ch U10 Boys Final"]
[Site "Balatonlelle"]
[Date "2013.06.22"]
[Round "2.5"]
[White "Kovacsy, Barnabas"]
[Black "Diller, Denis"]
[Result "0-1"]
[WhiteElo "1518"]
[BlackElo "1612"]
[PlyCount "90"]
[EventDate "2013.??.??"]

1. e4 Nc6 2. Nf3 d5 3. exd5 Qxd5 4. Nc3 Qh5 5. Be2 Bg4 6. h3 O-O-O 7. d3 Nh6 8.
Bxh6 gxh6 9. Qd2 Bxf3 10. Bxf3 Qe5+ 11. Qe3 Qxe3+ 12. fxe3 Nb4 13. O-O-O Bg7
14. a3 Na6 15. Rhf1 f5 16. g4 Bf6 17. gxf5 Bg5 18. Rde1 Nc5 19. Kb1 Nd7 20. Ne4
Bh4 21. Re2 Rhf8 22. Bg2 Rf7 23. Rf4 Bg5 24. Nxg5 hxg5 25. Bd5 Rf6 26. Rb4 Nc5
27. e4 c6 28. Rc4 b6 29. Be6+ Nxe6 30. fxe6 Rxe6 31. d4 Kb7 32. Re3 h6 33. c3
h5 34. Rg3 Rg6 35. e5 g4 36. Kc2 h4 37. d5 hxg3 38. Rxc6 Rxc6 39. dxc6+ Kxc6
40. hxg4 g2 41. Kb3 g1=Q 42. Ka4 Qd1+ 43. b3 Rd4+ 44. cxd4 Qxd4+ 45. b4 Qd1#
0-1

[Event "HUN Youth Ch U10 Boys Final"]
[Site "?"]
[Date "2013.06.23"]
[Round "3.1"]
[White "Diller, Denis"]
[Black "Palczert, Botond"]
[Result "1-0"]
[WhiteElo "1612"]
[BlackElo "1312"]
[PlyCount "59"]
[EventDate "2013.??.??"]

1. Nf3 Nf6 2. d4 g6 3. c4 Bg7 4. Nc3 d5 5. Bg5 Ne4 6. Bf4 Nxc3 7. bxc3 dxc4 8.
e3 O-O 9. Bxc4 Nd7 10. O-O c5 11. Re1 b6 12. Bd5 Ba6 13. Bxa8 Qxa8 14. Qa4 Qc8
15. Rac1 Rd8 16. Qb3 c4 17. Qc2 Bb7 18. Nd2 e5 19. Bg3 f5 20. Qa4 Ba6 21. Nf3
b5 22. Qc2 Qb8 23. Red1 f4 24. exf4 exf4 25. Bh4 Rf8 26. Qe4 Bb7 27. Qe6+ Rf7
28. Ng5 Qa8 29. Qxf7+ Kh8 30. Ne6 1-0

[Event "HUN Youth Ch U10 Boys Final"]
[Site "?"]
[Date "2013.06.23"]
[Round "3.2"]
[White "Gaspar, Lehel"]
[Black "Kovacsy, Barnabas"]
[Result "1/2-1/2"]
[WhiteElo "1422"]
[BlackElo "1518"]
[PlyCount "61"]
[EventDate "2013.??.??"]

1. e4 c5 2. Nf3 e6 3. c4 Nc6 4. d4 cxd4 5. Nxd4 Nf6 6. Nc3 Bb4 7. Nxc6 bxc6 8.
Bd3 Bxc3+ 9. bxc3 d5 10. cxd5 cxd5 11. e5 Nd7 12. f4 O-O 13. Ba3 Re8 14. Qf3
Bb7 15. O-O Rc8 16. Bb4 a5 17. Bd6 Rxc3 18. Bxh7+ Kxh7 19. Qxc3 Qb6+ 20. Kh1
Rc8 21. Qb3 Qc6 22. h3 d4 23. Rf3 Qd5 24. Qxd5 Bxd5 25. Rg3 Rc2 26. a3 Nc5 27.
Bxc5 Rxc5 28. Rd1 Rc4 29. Rgd3 Ra4 30. R1d2 Kg6 31. Kh2 1/2-1/2

[Event "HUN Youth Ch U10 Boys Final"]
[Site "?"]
[Date "2013.06.23"]
[Round "3.3"]
[White "Pribelszky, Bence"]
[Black "Vagner, Gergo"]
[Result "1-0"]
[WhiteElo "1734"]
[BlackElo "1578"]
[PlyCount "99"]
[EventDate "2013.??.??"]

1. e4 e5 2. Nf3 Nc6 3. Bc4 Nf6 4. d3 Be7 5. c3 O-O 6. Nbd2 h6 7. Bb3 d6 8. Nf1
a6 9. h3 Na5 10. Bc2 Be6 11. Ng3 Qd7 12. O-O Rad8 13. Nh2 Nh7 14. Qf3 d5 15.
Ng4 Nc6 16. Ne3 d4 17. Nef5 Bg5 18. h4 Bxc1 19. Raxc1 Nf6 20. Nxh6+ Kh7 21.
Nhf5 g6 22. Nxd4 Nxd4 23. cxd4 Qxd4 24. Qxf6 Qxb2 25. Bb1 c6 26. h5 Rde8 27. h6
Rg8 28. Rc2 Qb4 29. Ne2 Qd6 30. Rb2 b5 31. f4 exf4 32. Nxf4 Re7 33. Qc3 c5 34.
Nxe6 fxe6 35. Rbf2 Qc7 36. d4 c4 37. d5 e5 38. Qb4 Qd7 39. Qxe7+ Qxe7 40. Rf7+
Qxf7 41. Rxf7+ Kxh6 42. Re7 c3 43. Rxe5 Rc8 44. Bc2 b4 45. d6 Rd8 46. Rd5 a5
47. e5 a4 48. e6 b3 49. axb3 a3 50. e7 1-0

[Event "HUN Youth Ch U10 Boys Final"]
[Site "?"]
[Date "2013.06.23"]
[Round "3.5"]
[White "Krstulovic, Alex"]
[Black "Karacsonyi, Gellert"]
[Result "1-0"]
[WhiteElo "1983"]
[BlackElo "1687"]
[PlyCount "69"]
[EventDate "2013.??.??"]

1. d4 c5 2. d5 f5 3. g3 Nf6 4. Bg2 d6 5. c4 g6 6. Nc3 Bg7 7. e4 O-O 8. Nge2 Na6
9. O-O Nc7 10. a4 b6 11. f4 Nfe8 12. Be3 Bd7 13. Rb1 Na6 14. e5 Nb4 15. Nc1 a6
16. Nd3 Nxd3 17. Qxd3 Rb8 18. e6 Bc8 19. b4 Qc7 20. h3 cxb4 21. Rxb4 Bxc3 22.
Qxc3 a5 23. Rb2 Ba6 24. Rfb1 Qxc4 25. Qe1 Qxa4 26. Ra1 Qc4 27. Bf1 Qxd5 28.
Bxa6 Qxe6 29. Bxb6 Qd5 30. Rc1 Kh8 31. Bc4 Qe4 32. Qxe4 fxe4 33. Bd4+ Nf6 34.
Rxb8 Rxb8 35. g4 1-0

[Event "HUN Youth Ch U10 Boys Final"]
[Site "?"]
[Date "2013.06.24"]
[Round "4.1"]
[White "Palczert, Botond"]
[Black "Karacsonyi, Gellert"]
[Result "0-1"]
[WhiteElo "1312"]
[BlackElo "1687"]
[PlyCount "78"]
[EventDate "2013.??.??"]

1. d4 f5 2. h3 h5 3. Qd3 e6 4. e4 d5 5. e5 b6 6. Qg3 Ne7 7. Bg5 Ba6 8. Bxa6
Nxa6 9. Na3 Qd7 10. Bxe7 Qxe7 11. c3 Qf7 12. Nc2 c5 13. f4 cxd4 14. Nxd4 h4 15.
Qf2 Nc5 16. Rd1 Ne4 17. Qc2 Qg6 18. Rd3 Nc5 19. Re3 Qf7 20. Ngf3 Be7 21. Nb5
O-O 22. Nh2 a6 23. Nd4 Rac8 24. g4 hxg3 25. Nf1 Ne4 26. Nxg3 Bh4 27. Rg1 Nxg3
28. Rexg3 Bxg3+ 29. Rxg3 Rc4 30. Qg2 Re8 31. h4 Re7 32. Rg6 Kf8 33. Nf3 Ke8 34.
h5 Kd7 35. Ng5 Qf8 36. h6 gxh6 37. Nf3 Rxf4 38. Rg8 Qf7 39. Rg7 Qxg7 0-1

[Event "HUN Youth Ch U10 Boys Final"]
[Site "?"]
[Date "2013.06.24"]
[Round "4.3"]
[White "Vagner, Gergo"]
[Black "Hegedus, Dominik"]
[Result "0-1"]
[WhiteElo "1578"]
[BlackElo "1608"]
[PlyCount "44"]
[EventDate "2013.??.??"]

1. d4 Nf6 2. c4 d6 3. Nc3 Nbd7 4. e4 e5 5. d5 Nc5 6. Bd3 a5 7. Be3 b6 8. Bxc5
bxc5 9. Nge2 g6 10. O-O Bg7 11. h3 O-O 12. Ng3 Ne8 13. Qc2 Qg5 14. Nce2 f5 15.
f4 exf4 16. Rxf4 Be5 17. h4 Qe7 18. Rf3 f4 19. Nh1 Qxh4 20. Raf1 g5 21. g3 Qg4
22. Nc1 Bd4+ 0-1

[Event "HUN Youth Ch U10 Boys Final"]
[Site "?"]
[Date "2013.06.24"]
[Round "4.4"]
[White "Kovacsy, Barnabas"]
[Black "Pribelszky, Bence"]
[Result "0-1"]
[WhiteElo "1518"]
[BlackElo "1734"]
[PlyCount "68"]
[EventDate "2013.??.??"]

1. e4 c5 2. Nf3 d6 3. d4 cxd4 4. Nxd4 Nf6 5. Nc3 e6 6. Be3 a6 7. f3 Be7 8. Qd2
Qc7 9. g4 Nc6 10. O-O-O Nxd4 11. Bxd4 O-O 12. h4 b5 13. h5 b4 14. Ne2 e5 15.
Be3 Be6 16. Kb1 a5 17. g5 Nd7 18. Bh3 a4 19. Bxe6 fxe6 20. Qxb4 Rxf3 21. Rd3 a3
22. Bb6 Nxb6 23. Rxf3 axb2 24. Rhf1 Qa7 25. Qb3 d5 26. c3 Nc4 27. Rd3 Rb8 28.
Qxb8+ Qxb8 29. Kc2 Na3+ 30. Kd2 Bxg5+ 31. Ke1 b1=Q+ 32. Rd1 Qxd1+ 33. Kxd1 Qb1+
34. Nc1 Qc2+ 0-1

[Event "HUN Youth Ch U10 Boys Final"]
[Site "?"]
[Date "2013.06.24"]
[Round "4.5"]
[White "Diller, Denis"]
[Black "Gaspar, Lehel"]
[Result "1-0"]
[WhiteElo "1612"]
[BlackElo "1422"]
[PlyCount "95"]
[EventDate "2013.??.??"]

1. Nf3 Nf6 2. d4 e6 3. c4 b6 4. Nc3 Bb4 5. Bg5 Bb7 6. a3 Bxc3+ 7. bxc3 h6 8.
Bh4 O-O 9. e3 d6 10. Be2 Nbd7 11. O-O Qe8 12. Nd2 Ne4 13. Nxe4 Bxe4 14. f3 Bb7
15. Qd2 f5 16. Rae1 Qh5 17. Bg3 Rf6 18. f4 Qf7 19. Bh4 Rg6 20. g3 Nf6 21. Bxf6
Rxf6 22. Bf3 d5 23. Rd1 a6 24. c5 b5 25. a4 c6 26. axb5 axb5 27. Ra1 Qe8 28.
Qb2 Rf8 29. Rxa8 Bxa8 30. Ra1 Qd7 31. Ra5 Bb7 32. Qa3 Rb8 33. g4 g6 34. Qa2
fxg4 35. Bxg4 h5 36. Bh3 Kf7 37. Qg2 Qe7 38. Qg5 Qxg5+ 39. fxg5 Ra8 40. Rxa8
Bxa8 41. Kg2 Ke7 42. Kg3 Bb7 43. Kf4 Bc8 44. Ke5 Bb7 45. Bxe6 Ba8 46. Bh3 Bb7
47. Bg2 Bc8 48. e4 1-0

[Event "HUN Youth Ch U10 Boys Final"]
[Site "?"]
[Date "2013.06.25"]
[Round "5.1"]
[White "Gaspar, Lehel"]
[Black "Palczert, Botond"]
[Result "1-0"]
[WhiteElo "1422"]
[BlackElo "1312"]
[PlyCount "111"]
[EventDate "2013.??.??"]

1. e4 c5 2. Nf3 Nc6 3. c4 g6 4. d4 cxd4 5. Nxd4 Bg7 6. Be3 Nf6 7. Nc3 O-O 8.
Be2 d6 9. O-O Bd7 10. Qd2 Nxd4 11. Bxd4 Bc6 12. Bd3 a5 13. Be3 Re8 14. Bh6 Bh8
15. Qe3 Ng4 16. Qh3 Nxh6 17. Qxh6 Bg7 18. Qh3 Qc8 19. Qe3 Qe6 20. Rab1 Rac8 21.
Nd5 Bxd5 22. exd5 Qd7 23. Rfe1 Bf6 24. h3 h5 25. Re2 Kg7 26. Rbe1 Rh8 27. Qf3
h4 28. b3 Rh5 29. Re4 Rch8 30. Rg4 Rg5 31. Rxg5 Bxg5 32. Bc2 Bf6 33. Re4 Rh5
34. Bb1 Qc8 35. Qe3 Qh8 36. Qb6 Qa8 37. a4 Be5 38. Re2 Bc3 39. Rxe7 Bb4 40. Qc7
Kh6 41. Rxf7 Re5 42. Re7 Qh8 43. Qd7 Be1 44. Rf7 Rg5 45. Re7 Bxf2+ 46. Kh2 Bg1+
47. Kh1 Rxg2 48. Kxg2 Qb2+ 49. Kxg1 Qxb1+ 50. Kf2 Qb2+ 51. Re2 Qd4+ 52. Kg2 Qd3
53. Qg4 Qxb3 54. Qxh4+ Kg7 55. Re7+ Kf8 56. Qf6+ 1-0

[Event "HUN Youth Ch U10 Boys Final"]
[Site "?"]
[Date "2013.06.25"]
[Round "5.2"]
[White "Pribelszky, Bence"]
[Black "Diller, Denis"]
[Result "1/2-1/2"]
[WhiteElo "1734"]
[BlackElo "1612"]
[PlyCount "94"]
[EventDate "2013.??.??"]

1. e4 e6 2. d4 d5 3. Nc3 Bb4 4. e5 c5 5. a3 Bxc3+ 6. bxc3 Qc7 7. Qg4 f5 8. Bb5+
Nc6 9. Qh5+ g6 10. Qe2 Bd7 11. Bb2 Nge7 12. Nf3 a6 13. Bxc6 Nxc6 14. O-O Na5
15. a4 b5 16. Rfb1 bxa4 17. Ba3 Bb5 18. Qd2 Nc4 19. Qg5 Nxa3 20. Rxa3 O-O 21.
h4 Qg7 22. Qg3 h6 23. Ne1 c4 24. Qh3 g5 25. hxg5 hxg5 26. g3 Kf7 27. Qg2 Rh8
28. Nf3 Rh6 29. Rxa4 Rah8 30. Rxb5 Rh1+ 31. Qxh1 Rxh1+ 32. Kxh1 Qh6+ 33. Kg2
axb5 34. Ra7+ Kg6 35. Ra6 Qh7 36. Rxe6+ Kh5 37. Rd6 g4 38. Nh4 f4 39. Ng6 f3+
40. Kf1 Kg5 41. Kg1 Qa7 42. Nf4 Qa1+ 43. Kh2 Qf1 44. Rg6+ Kf5 45. Rf6+ Ke4 46.
e6 Qxf2+ 47. Kh1 Qf1+ 1/2-1/2

[Event "HUN Youth Ch U10 Boys Final"]
[Site "?"]
[Date "2013.06.25"]
[Round "5.3"]
[White "Hegedus, Dominik"]
[Black "Kovacsy, Barnabas"]
[Result "1-0"]
[WhiteElo "1608"]
[BlackElo "1518"]
[PlyCount "115"]
[EventDate "2013.??.??"]

1. e4 c6 2. Nc3 d5 3. Nf3 Bg4 4. h3 Bh5 5. g4 Bg6 6. exd5 cxd5 7. d4 Nc6 8. Bg2
e6 9. O-O Nf6 10. Bf4 a6 11. a4 Be7 12. Ne5 Nxe5 13. Bxe5 O-O 14. Bg3 Bb4 15.
Bh4 Be7 16. f4 h6 17. Bxf6 Bxf6 18. f5 Bh7 19. Qd2 Qb6 20. Rfd1 Rac8 21. Rab1
Rc4 22. Ne2 Rfc8 23. c3 Rd8 24. Ng3 Bg5 25. Qe2 Bh4 26. Nf1 Rc6 27. Ne3 Bg5 28.
Rf1 Bxe3+ 29. Qxe3 Qb3 30. g5 exf5 31. gxh6 Re6 32. Qg5 Bg6 33. Qxd8+ Kh7 34.
hxg7 Kxg7 35. Bxd5 Qc2 36. Bxe6 fxe6 37. Qc7+ Kh6 38. Qxb7 f4 39. Qg2 Qxa4 40.
Rbe1 Qc4 41. Rxf4 e5 42. Rf6 Qd3 43. Qxg6+ Qxg6+ 44. Rxg6+ Kxg6 45. Rxe5 Kf6
46. Ra5 Ke6 47. Rxa6+ Kd7 48. h4 Ke7 49. h5 Kf7 50. h6 Kg8 51. b4 Kh8 52. b5
Kh7 53. b6 Kg8 54. b7 Kh7 55. Ra7 Kg6 56. b8=Q Kh5 57. Rg7 Kxh6 58. Qh8# 1-0

[Event "HUN Youth Ch U10 Boys Final"]
[Site "?"]
[Date "2013.06.25"]
[Round "5.4"]
[White "Krstulovic, Alex"]
[Black "Vagner, Gergo"]
[Result "1-0"]
[WhiteElo "1983"]
[BlackElo "1578"]
[PlyCount "49"]
[EventDate "2013.??.??"]

1. d4 d5 2. c4 e6 3. Nc3 Nf6 4. cxd5 exd5 5. Bg5 Nbd7 6. e3 Be7 7. Bd3 O-O 8.
Qc2 c6 9. Nf3 a6 10. O-O Qc7 11. Bxh7+ Kh8 12. Bf5 Qd8 13. Rab1 Ne8 14. Bxe7
Qxe7 15. b4 Nd6 16. Bd3 Nb5 17. a4 Na3 18. Qe2 Nxb1 19. Rxb1 b5 20. Ne5 Qf6 21.
Qh5+ Qh6 22. Nxf7+ Rxf7 23. Qxf7 Qf6 24. Qh5+ Kg8 25. Nxd5 1-0

[Event "HUN Youth Ch U10 Boys Final"]
[Site "?"]
[Date "2013.06.26"]
[Round "6.2"]
[White "Vagner, Gergo"]
[Black "Karacsonyi, Gellert"]
[Result "1/2-1/2"]
[WhiteElo "1578"]
[BlackElo "1687"]
[PlyCount "69"]
[EventDate "2013.??.??"]

1. d4 f5 2. Bg5 g6 3. h4 Bg7 4. Nf3 d6 5. e3 Nf6 6. Nbd2 O-O 7. Bd3 Qe8 8. Qe2
h6 9. Bxf6 Bxf6 10. O-O-O e5 11. dxe5 dxe5 12. e4 f4 13. Bc4+ Be6 14. Bxe6+
Qxe6 15. Qc4 Qxc4 16. Nxc4 Nc6 17. Rd7 Rac8 18. Rhd1 Rfd8 19. Rxd8+ Rxd8 20.
Rxd8+ Bxd8 21. Ncxe5 Nxe5 22. Nxe5 Bxh4 23. Nxg6 Bxf2 24. Kd1 Bg3 25. Ke2 Kf7
26. Ne5+ Kf6 27. Nd3 Kg5 28. Kf3 a5 29. a4 c6 30. c4 b6 31. b3 h5 32. Ne5 Kf6
33. Nxc6 Ke6 34. Nd4+ Ke5 35. Nb5 1/2-1/2

[Event "HUN Youth Ch U10 Boys Final"]
[Site "Balatonlelle"]
[Date "2013.06.26"]
[Round "6.3"]
[White "Kovacsy, Barnabas"]
[Black "Krstulovic, Alex"]
[Result "1/2-1/2"]
[WhiteElo "1518"]
[BlackElo "1983"]
[PlyCount "105"]

1. e4 c5 2. Nf3 d6 3. d4 cxd4 4. Nxd4 Nf6 5. Nc3 a6 6. Bg5 Nbd7 7. Qe2 e6 8.
O-O-O Be7 9. f4 Qc7 10. g4 b5 11. Bxf6 Bxf6 12. g5 Be7 13. h4 Nb6 14. f5 e5 15.
Nb3 Bb7 16. Qg4 Rc8 17. Rh2 Na4 18. Rd3 Ba8 19. Nxa4 bxa4 20. Rc3 Qd7 21. Rxc8+
Qxc8 22. Nd2 a3 23. Nb3 axb2+ 24. Kxb2 Qb7 25. Bd3 Qb4 26. Qe2 O-O 27. Qd2 Qa4
28. Qa5 Qc6 29. Qc3 Qb6 30. Qa5 Qg1 31. Qd2 Kh8 32. Rg2 Qa7 33. Qf2 Qxf2 34.
Rxf2 Rb8 35. Kc1 Rb4 36. Re2 f6 37. g6 h6 38. c3 Ra4 39. Kb2 d5 40. Nd2 Bd6 41.
Bc2 Ra5 42. Nb3 Rb5 43. Bd3 Rb6 44. exd5 Bxd5 45. Be4 Bc4 46. Rd2 a5 47. Kc2 a4
48. Nc1 Kg8 49. Bd5+ Bxd5 50. Rxd5 Kf8 51. c4 Rc6 52. Kd3 Ke7 53. Ra5 1/2-1/2

[Event "HUN Youth Ch U10 Boys Final"]
[Site "?"]
[Date "2013.06.26"]
[Round "6.4"]
[White "Diller, Denis"]
[Black "Hegedus, Dominik"]
[Result "1-0"]
[WhiteElo "1612"]
[BlackElo "1608"]
[PlyCount "83"]
[EventDate "2013.??.??"]

1. Nf3 Nf6 2. d4 e6 3. c4 d5 4. Bg5 Be7 5. Nc3 h6 6. Bh4 O-O 7. e3 b6 8. Be2
Bb7 9. O-O Nbd7 10. Ne5 c5 11. cxd5 exd5 12. f4 Rc8 13. Bf3 cxd4 14. exd4 Nxe5
15. dxe5 Ne4 16. Bxe7 Qxe7 17. Bxe4 dxe4 18. Qa4 Qc5+ 19. Kh1 Qc6 20. Qxc6 Bxc6
21. Rae1 f5 22. exf6 Rxf6 23. Nxe4 Bxe4 24. Rxe4 Rcf8 25. g4 Rg6 26. f5 Rgf6
27. Ref4 g6 28. Kg2 gxf5 29. Rxf5 Rxf5 30. Rxf5 Rxf5 31. gxf5 Kf7 32. Kf3 Kf6
33. Ke4 h5 34. h4 a6 35. a4 b5 36. axb5 axb5 37. b4 Kf7 38. Ke5 Ke7 39. f6+ Kf7
40. Kf5 Kg8 41. Kg6 Kf8 42. f7 1-0